LEADER 01163nam--2200361---450 001 990002398120203316 005 20200511095740.0 035 $a000239812 035 $aUSA01000239812 035 $a(ALEPH)000239812USA01 035 $a000239812 100 $a20050210d1992----km-y0itay0103----ba 101 0 $aita 102 $aIT 105 $aa---||||001yy 200 1 $a<> giardino di San Marco$emaestri e compagni del giovane Michelangelo$fa cura di Paola Barocchi 210 $aCasalecchio di Reno$cSilvana$d1992 215 $a175 p.$cill.$d32 cm 300 $aCatalogo della Mostra 300 $aIn testa al frontespizio: Ministero per i beni culturali e ambientali, Ente Casa Buonarroti 300 $aFirenze, Casa Buonarroti, 30 giugno-19 ottobre 1992 606 0 $aArte$yFirenze$zSec.15.-16.$xCataloghi di esposizioni$z1992 676 $a709.4551 702 1$aBAROCCHI,$bPaola 801 0$aIT$bsalbc 912 $a990002398120203316 951 $aXVII A. 2404$b6124 DLAS$cXVII A.$d391282 951 $aV A 10 FIR 3$bDBC$cV A 959 $aBK 969 $aDBC 969 $aCAS 996 $aGiardino di San Marco$9551576 997 $aUNISA LEADER 02330nam0 22004813i 450 001 VAN00157191 005 20240806100959.451 017 70$2N$a9783662490662 100 $a20210608d2016 |0itac50 ba 101 $aeng 102 $aDE 105 $a|||| ||||| 200 1 $aTheoretical and Experimental Studies on Novel High-Gain Seeded Free-Electron Laser Schemes$eDoctoral Thesis accepted by University of Chinese Academy of Sciences, China$fChao Feng 210 $aBerlin$aHeidelberg$cSpringer$d2016 215 $axii, 108 p.$cill.$d24 cm 410 1$1001VAN00104193$12001 $aSpringer theses$erecognizing outstanding Ph.D. research$1210 $aBerlin$cSpringer$d2010- 500 1$3VAN00157192$aTheoretical and Experimental Studies on Novel High-Gain Seeded Free-Electron Laser Schemes$91800520 606 $a00A79 (77-XX)$xPhysics [MSC 2020]$3VANC023182$2MF 606 $a78A60$xLasers, masers, optical bistability, nonlinear optics [MSC 2020]$3VANC029030$2MF 606 $a81V45$xAtomic physics [MSC 2020]$3VANC023266$2MF 610 $aEcho-enabled harmonic generation$9KW:K 610 $aFree-electron laser experiments$9KW:K 610 $aGeneration$9KW:K 610 $aHigh-Gain Laser$9KW:K 610 $aHigh-Gain harmonic generation$9KW:K 610 $aLaser-electron beam interaction$9KW:K 610 $aMulti-color Generation$9KW:K 610 $aNovel High-gain FEL Scheme$9KW:K 610 $aPhase-merging enhanced harmonic$9KW:K 610 $aPrize Winning Dissertation$9KW:K 610 $aSlice Energy Spread$9KW:K 620 $dBerlin$3VANL000066 620 $aDE$dHeidelberg$3VANL000282 700 1$aFeng$bChao$3VANV140601$0799790 712 $aSpringer $3VANV108073$4650 801 $aIT$bSOL$c20241115$gRICA 856 4 $uhttp://doi.org/10.1007/978-3-662-49066-2$zEbook - Accesso al full text attraverso riconoscimento indirizzo IP di Ateneo 899 $aBIBLIOTECA DEL DIPARTIMENTO DI MATEMATICA E FISICA$1IT-CE0120$2VAN08 912 $fN 912 $aVAN00157191 950 $aBIBLIOTECA DEL DIPARTIMENTO DI MATEMATICA E FISICA$d08DLOAD e-book 2618 $e08eMF2618 20210608 996 $aTheoretical and Experimental Studies on Novel High-Gain Seeded Free-Electron Laser Schemes$91800520 997 $aUNICAMPANIA